header

God in the machine : (Record no. 93885)

MARC details
000 -LEADER
fixed length control field 01696nam a2200409 i 4500
001 - CONTROL NUMBER
control field ebr10845294
003 - CONTROL NUMBER IDENTIFIER
control field CaPaEBR
006 - FIXED-LENGTH DATA ELEMENTS--ADDITIONAL MATERIAL CHARACTERISTICS--GENERAL INFORMATION
fixed length control field m o d
007 - PHYSICAL DESCRIPTION FIXED FIELD--GENERAL INFORMATION
fixed length control field cr cn|||||||||
008 - FIXED-LENGTH DATA ELEMENTS--GENERAL INFORMATION
fixed length control field 140319t20132013pau o 001 0 eng d
020 ## - INTERNATIONAL STANDARD BOOK NUMBER
Cancelled/invalid ISBN 9781599474373
International Standard Book Number 9781599474502 (e-book)
040 ## - CATALOGING SOURCE
Original cataloging agency CaPaEBR
Language of cataloging eng
Description conventions rda
-- pn
Transcribing agency CaPaEBR
035 ## - SYSTEM CONTROL NUMBER
System control number (OCoLC)878139455
050 14 - LIBRARY OF CONGRESS CALL NUMBER
Classification number Q335
Item number .L45 2013eb
082 04 - DEWEY DECIMAL CLASSIFICATION NUMBER
Classification number 006.3
Edition number 23
100 1# - MAIN ENTRY--PERSONAL NAME
Personal name Leibovitz, Liel,
Relator term author.
245 10 - TITLE STATEMENT
Title God in the machine :
Remainder of title video games and religion /
Statement of responsibility, etc Liel Leibovitz.
264 #1 - PRODUCTION, PUBLICATION, DISTRIBUTION, MANUFACTURE, AND COPYRIGHT NOTICE
Place of production, publication, distribution, manufacture West Conshohocken, Pennsylvania :
Name of producer, publisher, distributor, manufacturer Templeton Press,
Date of production, publication, distribution, manufacture, or copyright notice 2013.
Date of production, publication, distribution, manufacture, or copyright notice �2013
300 ## - PHYSICAL DESCRIPTION
Extent 1 online resource (157 pages)
336 ## - CONTENT TYPE
Content type term text
Source rdacontent
337 ## - MEDIA TYPE
Media type term computer
Source rdamedia
338 ## - CARRIER TYPE
Carrier type term online resource
Source rdacarrier
500 ## - GENERAL NOTE
General note Includes index.
588 ## - SOURCE OF DESCRIPTION NOTE
Source of description note Description based on online resource; title from PDF title page (ebrary, viewed March 19, 2014).
590 ## - LOCAL NOTE (RLIN)
Local note Electronic reproduction. Palo Alto, Calif. : ebrary, 2014. Available via World Wide Web. Access may be limited to ebrary affiliated libraries.
650 #0 - SUBJECT ADDED ENTRY--TOPICAL TERM
Topical term or geographic name as entry element Artificial intelligence.
Topical term or geographic name as entry element Computers
General subdivision Religious aspects.
Topical term or geographic name as entry element Religion and science.
Topical term or geographic name as entry element Robotics.
Topical term or geographic name as entry element Theological anthropology
General subdivision Christianity.
655 #0 - INDEX TERM--GENRE/FORM
Genre/form data or focus term Electronic books.
776 08 - ADDITIONAL PHYSICAL FORM ENTRY
Display text Print version:
Main entry heading Leibovitz, Liel.
Title God in the machine : video games and religion.
Place, publisher, and date of publication West Conshohocken, Pennsylvania : Templeton Press, c2013
Physical description xii, 144 pages
International Standard Book Number 9781599474373
797 2# - LOCAL ADDED ENTRY--CORPORATE NAME (RLIN)
Corporate name or jurisdiction name as entry element ebrary.
856 40 - ELECTRONIC LOCATION AND ACCESS
Uniform Resource Identifier <a href="http://site.ebrary.com/lib/rucke/Doc?id=10845294">http://site.ebrary.com/lib/rucke/Doc?id=10845294</a>
Public note An electronic book accessible through the World Wide Web; click to view

No items available.

© 2026 Rongo University
Contact us: librarian | system librarian | Rongo university